[Event "Lleida Christmas op"]
[Site "Lleida"]
[Date "2022.12.27"]
[Round "2"]
[White "Sole Pijuan, Ferran"]
[Black "Aranzana Areste, Alberto"]
[Result "1-0"]
[WhiteElo "2157"]
[BlackElo "1804"]
[PlyCount "99"]
[EventDate "2022.12.27"]
[EventType "swiss"]
[EventRounds "8"]
[EventCountry "ESP"]
[SourceTitle "CBM 212 Extra"]
[Source "ChessBase"]
[SourceDate "2023.03.31"]
[SourceVersion "1"]
[SourceVersionDate "2023.03.31"]
[SourceQuality "1"]

1. d4 d5 2. Bf4 Bf5 3. Nc3 c6 4. Qd2 Nf6 5. f3 e6 6. g4 Bg6 7. h4 h6 8. h5 Bh7 9. e3 Bd6 10. Nh3 Qc7 11. Bxd6 Qxd6 12. 0-0-0 Nbd7 13. Bd3 Bxd3 14. Qxd3 0-0-0 15. e4 dxe4 16. Nxe4 Qe7 17. Qc3 Nd5 18. Qa5 Kb8 19. Rhe1 N5b6 20. Rd3 Nc4 21. Qc3 Ndb6 22. b3 Qa3+ 23. Kb1 Nd5 24. Qxc4 Nb4 25. Nc3 Nxd3 26. Qxd3 Rd7 27. Qe3 Rhd8 28. Qe5+ Kc8 29. Rd1 Qb4 30. Ne2 c5 31. c3 Qb5 32. c4 Qc6 33. Rd3 cxd4 34. Qxg7 Qc5 35. Qxh6 Qe5 36. Qd2 Qh2 37. Ng5 e5 38. Ne4 f5 39. gxf5 Rg7 40. N2g3 Qg1+ 41. Qd1 Rxg3 42. Nxg3 Qxg3 43. Qe2 Rg8 44. Rd1 Rg5 45. Rh1 Rxf5 46. h6 Qg6 47. Qe4 Qh7 48. Rg1 Rf7 49. Qxh7 Rxh7 50. Rg8+ 1-0

[Event "Torredembarra op 20th"]
[Site "Torredembarra"]
[Date "2018.07.07"]
[Round "8"]
[White "Buxade Roca, Guillermo"]
[Black "Aranzana Areste, Alberto"]
[Result "1/2-1/2"]
[WhiteElo "2021"]
[BlackElo "1872"]
[PlyCount "101"]
[EventDate "2018.06.30"]
[EventType "swiss"]
[EventRounds "9"]
[EventCountry "ESP"]
[SourceTitle "CBM 185 Extra"]
[Source "ChessBase"]
[SourceDate "2018.07.29"]
[SourceVersion "1"]
[SourceVersionDate "2018.07.29"]
[SourceQuality "1"]

1. e4 e6 2. Qe2 c5 3. Nf3 Nc6 4. g3 d6 5. Bg2 Nf6 6. 0-0 Be7 7. c3 e5 8. Rd1 Bg4 9. Na3 Qc8 10. Nc2 0-0 11. d3 Ne8 12. Ne3 f5 13. exf5 Bxf5 14. Nd5 Bg4 15. h3 Bxf3 16. Bxf3 Nc7 17. Nxe7+ Nxe7 18. d4 cxd4 19. cxd4 Nc6 20. dxe5 dxe5 21. Bg2 Qf5 22. Be3 Kh8 23. Rac1 Rad8 24. Rxd8 Rxd8 25. Bxa7 Ne6 26. Bb6 Ned4 27. Qe4 Qxe4 28. Bxe4 Ne2+ 29. Kf1 Nxc1 30. Bxd8 Nxd8 31. Bb1 Nc6 32. Ke1 Nd4 33. Kd2 Nce2 34. Bd3 Ng1 35. h4 g6 36. Ke3 Kg7 37. Be4 b6 38. a4 Kf6 39. b4 Nge2 40. a5 bxa5 41. bxa5 Nc3 42. a6 Ncb5 43. Kd3 Ke6 44. f4 exf4 45. a7 Nxa7 46. Kxd4 fxg3 47. Ke3 Ke5 48. Bg2 h6 49. Kf3 g5 50. hxg5 hxg5 51. Kxg3 1/2-1/2

[Event "Torredembarra op 20th"]
[Site "Torredembarra"]
[Date "2018.07.05"]
[Round "6"]
[White "Aranzana Areste, Alberto"]
[Black "Sanchez Bernardino, Miguel Angel"]
[Result "1/2-1/2"]
[WhiteElo "1872"]
[BlackElo "1976"]
[PlyCount "71"]
[EventDate "2018.06.30"]
[EventType "swiss"]
[EventRounds "9"]
[EventCountry "ESP"]
[SourceTitle "CBM 185 Extra"]
[Source "ChessBase"]
[SourceDate "2018.07.29"]
[SourceVersion "1"]
[SourceVersionDate "2018.07.29"]
[SourceQuality "1"]

1. e4 e6 2. d4 d5 3. e5 c5 4. c3 Qb6 5. Nf3 Nc6 6. Bd3 cxd4 7. 0-0 Bd7 8. a3 a6 9. b4 Rc8 10. Bb2 Na5 11. cxd4 Nc4 12. Bxc4 Rxc4 13. Nbd2 Rc8 14. Rc1 Ne7 15. Rxc8+ Nxc8 16. Nb3 Be7 17. Qc2 0-0 18. Na5 Na7 19. Rc1 Rc8 20. Qd2 Rxc1+ 21. Qxc1 Ba4 22. h3 h6 23. Kh2 Nc6 24. Nxc6 Qxc6 25. Ne1 Qc4 26. Qd2 b6 27. Kg1 Bb5 28. Nf3 Qf1+ 29. Kh2 Be2 30. Kg3 Bxf3 31. Kxf3 Qc4 32. Kg3 Qb3+ 33. Qc3 Qxc3+ 34. Bxc3 b5 35. f4 Kh7 36. Kf3 1/2-1/2

[Event "Torredembarra op 16th"]
[Site "Torredembarra"]
[Date "2014.07.05"]
[Round "1"]
[White "Perez Mitjans, Orelvis"]
[Black "Aranzana Areste, Alberto"]
[Result "1-0"]
[WhiteElo "2414"]
[BlackElo "1990"]
[PlyCount "49"]
[EventDate "2014.07.05"]
[EventType "swiss"]
[EventRounds "9"]
[EventCountry "ESP"]
[SourceTitle "CBM 161 Extra"]
[Source "ChessBase"]
[SourceDate "2014.08.29"]
[SourceVersion "1"]
[SourceVersionDate "2014.08.29"]
[SourceQuality "1"]

1. e4 e6 2. d4 d5 3. e5 c5 4. dxc5 Bxc5 5. Qg4 Kf8 6. Nf3 h5 7. Qf4 Nh6 8. Bd3 Kg8 9. 0-0 b6 10. Nc3 Ba6 11. Nb5 Nc6 12. Bd2 Rc8 13. Nxa7 Bxd3 14. Nxc6 Rxc6 15. cxd3 Nf5 16. Rfc1 Qc8 17. Qa4 Rc7 18. d4 Be7 19. Rxc7 Qxc7 20. Qe8+ Bf8 21. Bb4 Kh7 22. Bxf8 Qc2 23. Qxf7 Qxb2 24. Rf1 Qxa2 25. Bxg7 1-0

[Event "Vallfogona Hostal Nou op"]
[Site "Vallfogona de Balaguer"]
[Date "2014.06.07"]
[Round "7"]
[White "Aranzana Areste, Alberto"]
[Black "Quintas Galeano, Lluis"]
[Result "1/2-1/2"]
[WhiteElo "2077"]
[BlackElo "2222"]
[PlyCount "109"]
[EventDate "2014.04.26"]
[EventType "swiss"]
[EventRounds "8"]
[EventCountry "ESP"]
[SourceTitle "EXT 2015"]
[Source "ChessBase"]
[SourceDate "2014.11.20"]
[SourceVersion "1"]
[SourceVersionDate "2014.11.20"]
[SourceQuality "1"]

1. e4 c6 2. d4 d5 3. e5 Bf5 4. Bd3 Bxd3 5. Qxd3 e6 6. Ne2 c5 7. c3 Nc6 8. 0-0 Nge7 9. Na3 cxd4 10. cxd4 Nf5 11. Nc2 Be7 12. Ne3 g6 13. Bd2 Qb6 14. Bc3 Nb4 15. Bxb4 Bxb4 16. Rac1 Be7 17. Rc2 Nxe3 18. Qxe3 Kd7 19. Qf4 Rhf8 20. Rfc1 Qa5 21. Rc7+ Qxc7 22. Rxc7+ Kxc7 23. Qd2 Rac8 24. Qa5+ Kb8 25. g3 Rc6 26. Nc3 Rfc8 27. a3 Ra6 28. Qb5 Rac6 29. Nxd5 exd5 30. Qxd5 R6c7 31. Qxf7 Bxa3 32. Qb3 Be7 33. Qe6 Rd8 34. d5 Rcd7 35. Kg2 Bc5 36. d6 Bxd6 37. exd6 Rxd6 38. Qe5 a6 39. b4 R8d7 40. h4 Ka7 41. b5 axb5 42. Qxb5 b6 43. Qa4+ Kb7 44. Qe4+ Rd5 45. g4 b5 46. f4 Kb6 47. Qe3+ Ka5 48. Qa3+ Kb6 49. Qe3+ Kb7 50. Qe4 Ka6 51. f5 Rd2+ 52. Kf1 Rd1+ 53. Kg2 R7d2+ 54. Kf3 Rd3+ 55. Ke2 1/2-1/2

[Event "Vallfogona Hostal Nou op"]
[Site "Vallfogona de Balaguer"]
[Date "2014.05.10"]
[Round "3"]
[White "Aranzana Areste, Alberto"]
[Black "Vladimirov Savov, Tsanco"]
[Result "1-0"]
[WhiteElo "2077"]
[BlackElo "1854"]
[PlyCount "35"]
[EventDate "2014.04.26"]
[EventType "swiss"]
[EventRounds "8"]
[EventCountry "ESP"]
[SourceTitle "EXT 2015"]
[Source "ChessBase"]
[SourceDate "2014.11.20"]
[SourceVersion "1"]
[SourceVersionDate "2014.11.20"]
[SourceQuality "1"]

1. e4 e5 2. Nf3 Nc6 3. d4 exd4 4. Bc4 f6 5. 0-0 Ne5 6. Nxe5 fxe5 7. Qh5+ g6 8. Qxe5+ Qe7 9. Qxh8 d5 10. Bxd5 Be6 11. Bxb7 Bg7 12. Qxh7 Kf7 13. Bxa8 Nf6 14. Qh4 Qb4 15. c3 dxc3 16. Nxc3 Nh5 17. Be3 Qxb2 18. Qd8 1-0

[Event "Vallfogona Hostal Nou op"]
[Site "Vallfogona de Balaguer"]
[Date "2014.05.03"]
[Round "2"]
[White "Sole Gonzalez, Edgar"]
[Black "Aranzana Areste, Alberto"]
[Result "1-0"]
[WhiteElo "1942"]
[BlackElo "2077"]
[PlyCount "137"]
[EventDate "2014.04.26"]
[EventType "swiss"]
[EventRounds "8"]
[EventCountry "ESP"]
[SourceTitle "EXT 2015"]
[Source "ChessBase"]
[SourceDate "2014.11.20"]
[SourceVersion "1"]
[SourceVersionDate "2014.11.20"]
[SourceQuality "1"]

1. d4 d5 2. c4 e6 3. Nc3 f5 4. Bf4 c6 5. e3 Nf6 6. Nf3 Bd6 7. Bd3 0-0 8. 0-0 Qc7 9. Bxd6 Qxd6 10. Rb1 Bd7 11. Ne5 Be8 12. Be2 Nbd7 13. f4 Ne4 14. Nxe4 fxe4 15. Bg4 Bg6 16. Nxg6 hxg6 17. c5 Qe7 18. g3 Nf6 19. h4 Qf7 20. b4 a6 21. a4 Rfb8 22. Qe2 b5 23. a5 Kf8 24. Kf2 Ke7 25. Ke1 Rh8 26. Kd2 Nh5 27. Bxh5 gxh5 28. Qh2 Qf5 29. Rh1 Rh6 30. Qh3 Qf6 31. Rbg1 Rg6 32. Rh2 Rg4 33. Rhg2 Rh8 34. Qh2 Rh6 35. Qh1 Qf5 36. Qh2 Rgg6 37. Rh1 Qg4 38. Rf1 Rf6 39. Rgg1 Rhg6 40. Rg2 Kd8 41. Rgg1 Kc7 42. Rg2 Rf5 43. Rgg1 Rgf6 44. Rf2 g5 45. hxg5 Qxg5 46. fxg5 Rxf2+ 47. Qxf2 Rxf2+ 48. Ke1 Rf3 49. Ke2 Kd7 50. Rh1 Rxg3 51. Rxh5 Rg2+ 52. Kd1 Rb2 53. Rh7+ Ke8 54. Rc7 Rxb4 55. Rxc6 Rb3 56. Rxe6+ Kf7 57. Rxa6 Rxe3 58. Rb6 Rd3+ 59. Ke1 Rxd4 60. c6 Rc4 61. Rxb5 Ke6 62. g6 Kd6 63. g7 Rc1+ 64. Kf2 e3+ 65. Kxe3 Rg1 66. c7 Kxc7 67. a6 Kc6 68. a7 Rxg7 69. Ra5 1-0

[Event "Torredembarra op 15th"]
[Site "Torredembarra"]
[Date "2013.07.07"]
[Round "2"]
[White "Aranzana Areste, Alberto"]
[Black "Panelo Munoz, Marcelo A"]
[Result "0-1"]
[WhiteElo "2000"]
[BlackElo "2428"]
[PlyCount "54"]
[EventDate "2013.07.06"]
[EventType "swiss"]
[EventRounds "9"]
[EventCountry "ESP"]
[SourceTitle "CBM 155 Extra"]
[Source "ChessBase"]
[SourceDate "2013.08.26"]
[SourceVersion "1"]
[SourceVersionDate "2013.08.26"]
[SourceQuality "1"]

1. e4 c5 2. Nf3 d6 3. d4 cxd4 4. Nxd4 Nf6 5. Nc3 a6 6. a4 e5 7. Nb3 Be7 8. Bg5 Be6 9. Be2 Nbd7 10. 0-0 Rc8 11. Nd2 0-0 12. Kh1 Re8 13. f4 exf4 14. Bxf4 Ne5 15. Qe1 Nfd7 16. Nf3 Nxf3 17. Bxf3 Qb6 18. Nd5 Bxd5 19. exd5 Bg5 20. Qg3 Bxf4 21. Qxf4 Ne5 22. Be4 g6 23. Ra3 Rc4 24. Rb3 Qd4 25. Rxb7 Qxe4 26. Qf6 Rxc2 27. Rg1 Qxd5 0-1

[Event "Balaguer op 17th"]
[Site "Balaguer"]
[Date "2012.06.24"]
[Round "9"]
[White "Monell Camarasa, David"]
[Black "Aranzana Areste, Alberto"]
[Result "1-0"]
[WhiteElo "2254"]
[BlackElo "2023"]
[PlyCount "113"]
[EventDate "2012.06.16"]
[EventType "swiss"]
[EventRounds "9"]
[EventCountry "ESP"]
[SourceTitle "EXT 2013"]
[Source "ChessBase"]
[SourceDate "2012.11.22"]
[SourceVersion "1"]
[SourceVersionDate "2012.11.22"]
[SourceQuality "1"]

1. d4 d5 2. Bg5 h6 3. Bh4 c6 4. c3 Bf5 5. Nd2 Nd7 6. Ngf3 Ngf6 7. Qb3 Qc8 8. e3 e6 9. Be2 Bd6 10. 0-0 0-0 11. c4 Ne4 12. Nxe4 dxe4 13. Nd2 Qb8 14. Bg3 Nf6 15. Bxd6 Qxd6 16. c5 Qc7 17. Nc4 Rfd8 18. Nd6 b5 19. a4 a6 20. axb5 axb5 21. Ra3 Ne8 22. Nxe8 Rxe8 23. Rfa1 Rxa3 24. Rxa3 e5 25. d5 cxd5 26. Qxd5 Be6 27. Qd6 Qxd6 28. cxd6 b4 29. Ra6 Rc8 30. h3 Rc2 31. Bb5 Rc1+ 32. Kh2 Rd1 33. Ba4 Rd2 34. d7 Kh7 35. Ra8 Bxd7 36. Rd8 Rxb2 37. Rxd7 Rxf2 38. Rb7 f5 39. Rxb4 Kg6 40. Rb6+ Kf7 41. Bb3+ Kf8 42. Rb8+ Ke7 43. Rb7+ Kd6 44. Rxg7 f4 45. exf4 exf4 46. Rg6+ Kc5 47. Kg1 Rb2 48. Bf7 e3 49. Re6 Rb1+ 50. Kh2 Kd4 51. Bh5 Rb2 52. Rxh6 e2 53. Re6 Kd3 54. Bxe2+ Rxe2 55. Rxe2 Kxe2 56. h4 Ke3 57. h5 1-0

[Event "Balaguer op 17th"]
[Site "Balaguer"]
[Date "2012.06.21"]
[Round "6"]
[White "Montoliu Daroca, Imma"]
[Black "Aranzana Areste, Alberto"]
[Result "0-1"]
[WhiteElo "1803"]
[BlackElo "2023"]
[PlyCount "84"]
[EventDate "2012.06.16"]
[EventType "swiss"]
[EventRounds "9"]
[EventCountry "ESP"]
[SourceTitle "EXT 2013"]
[Source "ChessBase"]
[SourceDate "2012.11.22"]
[SourceVersion "1"]
[SourceVersionDate "2012.11.22"]
[SourceQuality "1"]

1. d4 d5 2. Bg5 c6 3. e3 h6 4. Bh4 Qb6 5. b3 e5 6. a3 e4 7. c4 Be7 8. Bg3 Nf6 9. f3 0-0 10. Nc3 Bf5 11. fxe4 Bxe4 12. c5 Qd8 13. Nf3 Re8 14. Bd3 Bf8 15. 0-0 Nbd7 16. h3 Bxd3 17. Qxd3 Ne4 18. Bh2 Qe7 19. Rae1 g6 20. b4 Bg7 21. b5 Ndxc5 22. Qc2 Nxc3 23. Qxc3 Ne4 24. Qd3 Rac8 25. a4 c5 26. Ne5 c4 27. Qc2 Rf8 28. Rf3 c3 29. Nd3 Rc4 30. Re2 Nd2 31. Rff2 Qa3 32. Be5 Qxa4 33. Qxa4 Rxa4 34. Re1 Rc8 35. Rc1 Ne4 36. Rfc2 Bxe5 37. Nxe5 Rb4 38. Ra1 Rb2 39. Rcc1 c2 40. Kh2 Nd2 41. Rxa7 Rb1 42. Nd3 Nb3 0-1

[Event "Balaguer op 16th "]
[Site "Balaguer"]
[Date "2011.07.25"]
[Round "9"]
[White "Puig Carres, Josep"]
[Black "Aranzana Areste, Alberto"]
[Result "1/2-1/2"]
[WhiteElo "1838"]
[BlackElo "2065"]
[PlyCount "55"]
[EventDate "2011.07.17"]
[EventType "swiss"]
[EventRounds "9"]
[EventCountry "ESP"]
[SourceTitle "CBM 143 Extra"]
[Source "ChessBase"]
[SourceDate "2011.08.29"]
[SourceVersion "1"]
[SourceVersionDate "2011.08.29"]
[SourceQuality "1"]

1. c4 c6 2. g3 d5 3. cxd5 cxd5 4. Bg2 Nf6 5. Nf3 Nc6 6. 0-0 e5 7. d3 Be7 8. a3 0-0 9. b4 a6 10. Bb2 e4 11. Nd4 Qb6 12. Nxc6 Qxc6 13. Nc3 Bf5 14. Rc1 Qe6 15. Qd2 Bh3 16. dxe4 dxe4 17. Rfd1 Bxg2 18. Kxg2 Rad8 19. Qe3 Qb3 20. Nd5 Qxb2 21. Nxe7+ Kh8 22. Rxd8 Rxd8 23. Qb6 Re8 24. Rc8 Rxc8 25. Nxc8 h6 26. Nd6 Qxe2 27. Nxf7+ Kh7 28. Qe3 1/2-1/2

[Event "Balaguer op 16th "]
[Site "Balaguer"]
[Date "2011.07.18"]
[Round "2"]
[White "Aranzana Areste, Alberto"]
[Black "Roeder, Mathias"]
[Result "0-1"]
[WhiteElo "2065"]
[BlackElo "2420"]
[PlyCount "63"]
[EventDate "2011.07.17"]
[EventType "swiss"]
[EventRounds "9"]
[EventCountry "ESP"]
[SourceTitle "EXT 2012"]
[Source "ChessBase"]
[SourceDate "2011.11.24"]
[SourceVersion "1"]
[SourceVersionDate "2011.11.24"]
[SourceQuality "1"]

1. e4 c5 2. Nf3 d6 3. c3 Nf6 4. Bb5+ Nbd7 5. d3 a6 6. Ba4 g6 7. 0-0 b5 8. Bc2 Bb7 9. Re1 Rc8 10. d4 cxd4 11. Nxd4 Bg7 12. f3 0-0 13. Be3 d5 14. exd5 Nxd5 15. Bf2 e5 16. Ne2 N7b6 17. Nd2 f5 18. Bb3 Rb8 19. Nf1 Nc4 20. Bxc4 bxc4 21. Ne3 Nxe3 22. Bxe3 Qc7 23. Qc2 f4 24. Bf2 g5 25. h3 Rbe8 26. Rad1 e4 27. fxe4 Bxe4 28. Qa4 Bxg2 29. Nd4 Rxe1+ 30. Rxe1 Bxh3 31. Qc6 Qxc6 32. Nxc6 0-1

[Event "Torredembarra op 13th"]
[Site "Torredembarra"]
[Date "2011.07.03"]
[Round "2"]
[White "Kogan, Artur"]
[Black "Aranzana Areste, Alberto"]
[Result "1-0"]
[WhiteElo "2548"]
[BlackElo "2065"]
[PlyCount "61"]
[EventDate "2011.07.02"]
[EventType "swiss"]
[EventRounds "9"]
[EventCountry "ESP"]
[SourceTitle "EXT 2012"]
[Source "ChessBase"]
[SourceDate "2011.11.24"]
[SourceVersion "1"]
[SourceVersionDate "2011.11.24"]
[SourceQuality "1"]

1. e4 e6 2. Qe2 Nc6 3. Nf3 Nf6 4. e5 Nd5 5. g3 Be7 6. c4 Ndb4 7. d4 d5 8. a3 Na6 9. b4 Nab8 10. c5 b6 11. Nbd2 bxc5 12. dxc5 f6 13. Bb2 Nxe5 14. Nxe5 fxe5 15. Qh5+ Kf8 16. Bxe5 Bf6 17. Nf3 Nc6 18. Rd1 Nxe5 19. Nxe5 g6 20. Qh6+ Bg7 21. Qe3 Qf6 22. f4 g5 23. Rd4 Kg8 24. Bh3 gxf4 25. gxf4 h5 26. Rg1 Rh6 27. Rd2 Kf8 28. Rdg2 Qh4+ 29. Kd1 Bxe5 30. Qxe5 Qf6 31. Rg8+ 1-0

[Event "Balaguer op 14th"]
[Site "Balaguer"]
[Date "2009.07.14"]
[Round "2"]
[White "Borras Camarasa, Marc"]
[Black "Aranzana Areste, Alberto"]
[Result "0-1"]
[WhiteElo "1627"]
[BlackElo "2062"]
[PlyCount "74"]
[EventDate "2009.07.13"]
[EventType "swiss"]
[EventRounds "10"]
[EventCountry "ESP"]
[SourceTitle "CBM 131 Extra"]
[Source "ChessBase"]
[SourceDate "2009.09.03"]
[SourceVersion "2"]
[SourceVersionDate "2009.09.16"]
[SourceQuality "1"]

1. e4 e6 2. d4 d5 3. exd5 exd5 4. c3 Bd6 5. Bd3 Ne7 6. Ne2 Bf5 7. Bf4 0-0 8. 0-0 Bxd3 9. Qxd3 Ng6 10. Bxd6 Qxd6 11. Ng3 Nf4 12. Qe3 g6 13. Ne2 Nxe2+ 14. Qxe2 Nd7 15. Qd1 Nf6 16. Nd2 Rfe8 17. Re1 Rxe1+ 18. Qxe1 Re8 19. Qf1 Qe6 20. Nf3 Ne4 21. Re1 Qb6 22. Re2 Re6 23. Qe1 Qd6 24. Nd2 Qf4 25. Nxe4 dxe4 26. f3 e3 27. Qf1 Qf5 28. Qe1 Qd3 29. g3 c6 30. Qf1 h5 31. Re1 e2 32. Qf2 Qd2 33. Kg2 Qxb2 34. a4 Qd2 35. h4 a5 36. c4 Qe3 37. c5 Kg7 0-1

[Event "Sort op 5th"]
[Site "Sort"]
[Date "2009.06.27"]
[Round "4"]
[White "Aranzana Areste, Alberto"]
[Black "Pham Guerrero, Sergi"]
[Result "0-1"]
[WhiteElo "2022"]
[BlackElo "2212"]
[PlyCount "94"]
[EventDate "2009.06.24"]
[EventType "swiss"]
[EventRounds "9"]
[EventCountry "ESP"]
[SourceTitle "CBM 131 Extra"]
[Source "ChessBase"]
[SourceDate "2009.09.03"]
[SourceVersion "2"]
[SourceVersionDate "2009.09.16"]
[SourceQuality "1"]

1. e4 c5 2. Nf3 d6 3. c3 Nf6 4. Bb5+ Bd7 5. Bxd7+ Qxd7 6. d3 g6 7. 0-0 Bg7 8. Re1 0-0 9. d4 cxd4 10. cxd4 Nc6 11. Nc3 Rac8 12. Be3 Ng4 13. Bg5 h6 14. Bh4 Na5 15. h3 Nf6 16. e5 Nh5 17. exd6 exd6 18. Re7 Qc6 19. Qe2 g5 20. Bxg5 hxg5 21. Nxg5 Nf4 22. Qg4 Qxg2+ 23. Qxg2 Nxg2 24. Nge4 Nf4 25. Nxd6 Rc6 26. Nf5 Rg6+ 27. Kf1 Bf6 28. Re4 Nxh3 29. Ke2 Ng5 30. Rg4 Re8+ 31. Kd3 Nh3 32. Ne4 Rxe4 33. Rxe4 Nxf2+ 34. Ke3 Nxe4 35. Kxe4 Rg4+ 36. Kf3 Rg5 37. Ke4 Nc6 38. Rc1 Bxd4 39. Nxd4 Rg4+ 40. Ke3 Nxd4 41. Rc7 Nf5+ 42. Kd3 Rb4 43. b3 Kg7 44. Kc3 Rb6 45. Rd7 Kg6 46. a4 a5 47. Kc4 Rb4+ 0-1

[Event "Sort op 5th"]
[Site "Sort"]
[Date "2009.06.26"]
[Round "3"]
[White "Deepthamsh, Reddy M"]
[Black "Aranzana Areste, Alberto"]
[Result "1-0"]
[WhiteElo "2110"]
[BlackElo "2022"]
[PlyCount "51"]
[EventDate "2009.06.24"]
[EventType "swiss"]
[EventRounds "9"]
[EventCountry "ESP"]
[SourceTitle "CBM 131 Extra"]
[Source "ChessBase"]
[SourceDate "2009.09.03"]
[SourceVersion "2"]
[SourceVersionDate "2009.09.16"]
[SourceQuality "1"]

1. Nf3 d5 2. e3 Bg4 3. c4 Bxf3 4. Qxf3 e6 5. Nc3 Nf6 6. d4 c6 7. Bd3 Be7 8. 0-0 0-0 9. b3 Nbd7 10. Bb2 Re8 11. Rad1 Qa5 12. Qe2 Bb4 13. Qc2 e5 14. a3 Bf8 15. b4 Qc7 16. cxd5 cxd5 17. dxe5 Nxe5 18. Nxd5 Nxd5 19. Bxh7+ Kh8 20. Rxd5 Qxc2 21. Bxc2 Rac8 22. Bf5 Nc4 23. Bxc8 Nxb2 24. Bxb7 Nc4 25. Rfd1 Rb8 26. Ba6 1-0

[Event "Balaguer op 12th"]
[Site "Balaguer"]
[Date "2007.07.18"]
[Round "3"]
[White "Aranzana Areste, Alberto"]
[Black "Oussama, Omar"]
[Result "0-1"]
[WhiteElo "2001"]
[BlackElo "2330"]
[PlyCount "90"]
[EventDate "2007.07.16"]
[EventType "swiss"]
[EventRounds "10"]
[EventCountry "ESP"]
[SourceTitle "CBM 119 Extra"]
[Source "ChessBase"]
[SourceDate "2007.09.04"]
[SourceVersion "1"]
[SourceVersionDate "2007.09.04"]
[SourceQuality "1"]

1. e4 d5 2. exd5 Qxd5 3. d4 e5 4. Nf3 Nc6 5. Nc3 Bb4 6. a3 Bxc3+ 7. bxc3 Bg4 8. Be2 e4 9. Nd2 Bxe2 10. Qxe2 Nf6 11. 0-0 0-0 12. Rb1 a6 13. Nc4 b5 14. Ne3 Qd7 15. Re1 Rfe8 16. Bd2 Nd5 17. Qh5 Rad8 18. Nf5 Kh8 19. Ng3 g6 20. Qh4 f5 21. a4 Na5 22. axb5 axb5 23. Bg5 Ra8 24. Ne2 Nc4 25. Nf4 Kg8 26. Nxd5 Qxd5 27. Qg3 c6 28. Ra1 Nd6 29. Bf4 Nf7 30. h4 Kg7 31. Qe3 Ra4 32. Qc1 Rea8 33. Qb2 h6 34. Rxa4 Rxa4 35. Ra1 g5 36. hxg5 hxg5 37. Bc7 Kg6 38. Ra3 f4 39. Bb6 f3 40. c4 Qf5 41. Kf1 Qg4 42. gxf3 exf3 43. d5 Qxc4+ 44. Rd3 Rb4 45. Qc1 Ne5 0-1